00616nam a2200193Ia 4500008004100000020001500041082001200056100001600068245004800084250000700132260005200139300002900191500001900220600002700239650001300266942000700279952012100286999001500407240925s9999 xx 000 0 und d a8121900093 a425 WRE aWren ,P. C. 0aHigh School English Grammar and Composition aNA aRiyadh:bWorld Assembly of Muslim Youthc,2001. aviii,482p.bNAfOriginal aIncludes Index aEngineering Technology aLanguage cBK 011040708ETaUITUbUITUd2001-07-08eExtas T .Assg120.00l0o425 WREpQ3842r2024-09-25 07:13:18w2024-09-25yBK c6341d6341